00871nam a22002057a 450000500170000001000150001702000260003203500130005803700130007108200150008424501200009926000570021927001150027630000280039150000510041970000210047094200290049199900170052095201280053720131220114655.0 aENG-108886 a9788189972868c750.00 aEN-92419 bDBAD/PUB a381.340954 aRole of rural consumer awareness in development of rural marketing strategies / cedited by Babita Agarwa...[et al] aNew DelhibManglam Publishers and Distributorsc2013 aL-21/1, Street No.5, Shivaji Marg, Near Kali Mandir, J.P. Nagar, Kartar Nagar , West GhondabNew Delhie110053 a255p. :c22cm(Hb)bill. aIncludes bibliographical references and index aAgarwal, Babita  2ddccENmROLh381.340954 c81227d81227 001040718NFICaDBADbDBADd2013-12-18eDBAD/PUBg750.00l0o381.340954 ROLpEN-92419r2013-12-18 00:00:00t1v750.00yEN